Grand Theft Galaxy Vol #1 /

Grand Theft Galaxy volume 1 features story and art by Tricia Riley Hale and Jim Jimenez. Pre-law student Samantha Beagley's life has always followed a certain path: the one she planned. However, on her 18th birthday, the arrival of a very special present brings with it a whole galaxy full of w...

Full description

Bibliographic Details
Corporate Author: Library Pass, LLC
Other Authors: Hale, Tricia Riley (writer.)
Format: eBook
Language:English
Published: [United States] : Tokyopop, 2022.
Subjects:
Online Access:Connect to this electronic book (First time users create your free account)

MARC

Tag First Indicator Second Indicator Subfields
LEADER 00000nmm a22000001a 4500
001 in00004612921
006 m|||||o||m||||||||
007 cr|cn |||uuuuu
008 221118s2022 xxu||||do|||| ||||||eng d
005 20221207214247.6
035 |a (TxWaIVM)IV87817ToGr 
040 |a TxWaIVM  |c TxWaIVM 
245 0 0 |a Grand Theft Galaxy Vol #1 /  |c powered by Library Pass. 
260 3 |a [United States] :  |b Tokyopop,  |c 2022. 
300 |a 1 online resource. 
336 |a text  |b txt  |2 rdacontent 
337 |a computer  |b c  |2 rdamedia 
338 |a online resource  |b cr  |2 rdacarrier 
520 |a Grand Theft Galaxy volume 1 features story and art by Tricia Riley Hale and Jim Jimenez. Pre-law student Samantha Beagley's life has always followed a certain path: the one she planned. However, on her 18th birthday, the arrival of a very special present brings with it a whole galaxy full of weird, wild people, places and things! Suddenly, this control-freak finds herself on the run from the intergalactic feds on a desperately hilarious quest to find a stolen treasure - and prevent the Earth's destruction! 
521 |a 2 
538 |a Requires a valid library card and registration for new users. 
538 |a Mode of access: World Wide Web. 
538 |a System requirements: Flash 10.1 or higher, Windows XP and higher, Internet Explorer 7 and higher, Firefox 3.6 and higher, Google Chrome; Max OS 10.5 and higher, Safari 4 and higher. 
650 0 |a Comic books, strips, etc. 
655 7 |a Electronic books.  |2 local 
655 7 |a Comic books, strips, etc.  |2 gsafd 
650 0 |a Doujinshi (deactivated) 
655 7 |a Doujinshi (deactivated)  |2 gsafd 
650 0 |a Humor 
655 7 |a Humor  |2 gsafd 
650 0 |a Comic books, strips, etc. --Women 
655 7 |a Comic books, strips, etc. --Women  |2 gsafd 
650 0 |a Comic books, strips, etc. 
655 7 |a Comic books, strips, etc.  |2 gsafd 
650 0 |a Comic books, strips, etc. --Students 
655 7 |a Comic books, strips, etc. --Students  |2 gsafd 
650 0 |a Science fiction comic books, strips, etc. 
655 7 |a Science fiction comic books, strips, etc.  |2 gsafd 
700 1 |a Hale, Tricia Riley.  |e writer. 
700 1 |a Jimenez, Jim.  |e artist. 
710 2 |a Library Pass, LLC. 
856 4 0 |u http://proxy.library.tamu.edu/login?url=https://tamu.librarypass.com/product/tokyopop.grand.theft.galaxy.vol.one.english.04012022  |z Connect to this electronic book (First time users create your free account)  |t 0 
955 |a Comics Plus. 
999 f f |s 41e353f6-31c9-4815-b198-d161f4576361  |i 580bf893-0ec2-4ef7-ba89-b70d04406cae  |t 0 
952 f f |a Texas A&M University  |b College Station  |c Electronic Resources  |d Available Online  |t 0  |h Library of Congress classification 
998 f f |t 0  |l Available Online